Missing Word: Country Music Artists Quiz Stats

 Plays Quiz Updated Jul 7, 2020

Support Sporcle.
Go Orange.
Score 0/28 Timer 03:00
10 Plays Today
Artist Word % Correct
_____ UnderwoodCarrie
93.3%
Garth _____Brooks
91.7%
_____ PartonDolly
91.3%
Taylor _____Swift
90.6%
_____ CashJohnny
90.1%
Billy Ray _____Cyrus
89.8%
_____ FlattsRascal
89.7%
_____ UrbanKeith
89%
_____ AntebellumLady
88%
Shania _____Twain
87.8%
Willie _____Nelson
87.8%
Faith _____Hill
86.6%
_____ McEntireReba
85.2%
_____ PaisleyBrad
84.7%
Artist Word % Correct
_____ StraitGeorge
83.3%
Brooks & _____Dunn
79%
Hank _____ Jr.Williams
78.4%
Lee _____ WomackAnn
72.5%
Conway _____Twitty
72.2%
_____ RimesLeAnn
71.9%
Big & _____Rich
69.4%
Waylon _____Jennings
63.5%
_____ HaggardMerle
61%
Clint _____Black
54.6%
_____ YoakamDwight
53.5%
_____ MandrellBarbara
32.2%
Roger _____Miller
23.4%
Skeeter _____Davis
17.2%

Today's Daily Dose

You're not logged in!

Compare scores with friends on all Sporcle quizzes.
OR
Log In
Forgot?

From the Vault

Hidden US States

by teedslaststand

You'll need eagle eyes to find them all.
Remove Ads.
Support Sporcle.
Get the best of Sporcle when you Go Orange. This ad-free experience offers more features, more stats, and more fun while also helping to support Sporcle. Thank you for becoming a member.

Show Comments

Extras

Top Quizzes Today


Score Distribution

Your Account Isn't Verified!

In order to create a playlist on Sporcle, you need to verify the email address you used during registration. Go to your Sporcle Settings to finish the process.

Report this User

Report this user for behavior that violates our Community Guidelines.

Details: